Top 3 NBA 2K18 Players by College: Atlantic 10 - Statistics

General Stats
  • This quiz has been taken 11 times
  • The average score is 3 of 12
Answer Stats
College Player Rating % Correct
Davidson Stephen Curry 94
100%
Saint Joseph's Jameer Nelson 74
45%
Saint Joseph's DeAndre Bembry 69
27%
St. Bonaventure Andrew Nicholson 68
18%
Dayton Brian Roberts 71
18%
VCU Larry Sanders 72
18%
George Washington Patricio Garino 67
18%
VCU Troy Daniels 72
18%
VCU Briante Weber 70
9%
Richmond Justin Harper 64
9%
Saint Joseph's Langston Galloway 73
9%
Saint Louis Willie Reed 74
9%
No matching quizzes found
Score Distribution
Percent of People with Each Score
Percentile by Number Answered
Your Score History
You have not taken this quiz